000
00232nam a2200097Ia 4500
008
190216s9999||||xx |||||||||||||| ||und||
100
_a
Null
245
0
_a
Hindi-Yeh Mera Hindusthan He
260
_b
Prabhakar Publications
942
_c
BK
999
_c
18539
_d
18539